000 00420nam a2200133Ia 4500
008 170221s9999 xx 000 0 und d
100 _aMikael Jensen
245 _aTouchpoint Management and Interpersonal Communication
245 _cMikael Jensen
260 _bStudies in Media and Communication
650 _xCommunication
650 _xMedia Arts
856 _uhttp://redfame.com/journal/index.php/smc/issue/view/58
999 _c312615
_d312615